Current Premier League Teams-Sudden Death - Statistics

General Stats
  • This quiz has been taken 1,042 times
    910 since last reset
  • The average score is 15 of 20
Answers on the Grid
Answers color-coded by a green-red scale on the quiz's grid according to % correct below.
Arsenal
AFC Bournemouth
Watford
QPR
Brighton
Tottenham
Liverpool
Manchester City
Chelsea
Fulham
Nottingham Forest
Brentford
Aston Villa
Newcastle
West Ham
Manchester United
Everton
Leicester City
Wolves
Ipswich Town
Crystal Palace
Southampton
Sunderland
Middlesbrough
Burnley
Sheffield United
West Brom
Luton Town
Leeds United
Norwich City
Milwall
Blackburn Rovers
Portsmouth
Coventry City
Swansea
Reading
Derby County
Sheffield Wednesday
Stoke City
Bolton Wanderers
 
Answer Stats
Answer % Correct
Manchester United
82%
Arsenal
81%
Manchester City
81%
Chelsea
80%
Liverpool
80%
Tottenham
80%
Aston Villa
78%
Newcastle
78%
Everton
77%
West Ham
77%
Crystal Palace
74%
Nottingham Forest
73%
Wolves
71%
Brighton
69%
Brentford
67%
Fulham
67%
AFC Bournemouth
65%
Leeds United
64%
Sunderland
61%
Burnley
59%
No matching quizzes found
Score Distribution
Percent of People with Each Score
Percentile by Number Answered
Your Score History
You have not taken this quiz since the last reset